00509nam a2200157Ia 4500008004100000040001900041041001200060082002500072100002400097245011400121260003600235300002400271650002000295700001800315850001800333131103s9999 xx 000 0 und d aLoreto College aEnglish a170/CYRbLCBED/10625 aChiramal, Joseph J. a8 We are the Worldb experience - based value education for schools cJoseph J. Chiramal; edited by M. Cyril aNew DelhibOrient Longmanc1994 a63p.b ill.c 22cm. aMoral education aCyril, M; ed. aLCBED/170/CYR